Modelirovanije i avtomatizacija projektirovanija struktur bez dannych
Gespeichert in:
| Format: | Buch |
|---|---|
| Sprache: | Russisch |
| Veröffentlicht: |
Moskva
Radio i svjaz'
1984
|
| Tags: |
Keine Tags, Fügen Sie das erste Tag hinzu!
|
MARC
| LEADER | 00000nam a2200000 4500 | ||
|---|---|---|---|
| 001 | c106861 | ||
| 005 | 20260130123418.1 | ||
| 041 | 0 | |a rus | |
| 044 | |a RU | ||
| 245 | 1 | 0 | |a Modelirovanije i avtomatizacija projektirovanija struktur bez dannych |c Ravil' Bakejev Šajmardanov |
| 264 | 1 | |a Moskva |b Radio i svjaz' |c 1984 | |
| 300 | |a 118 s. | ||